Šachový automat /

Na minha lista:
Detalhes bibliográficos
Outros Autores: LÖHR, Robert (Translator), KURČÁKOVÁ, Dana (Translator)
Formato: Livro
Idioma:eslovaco
Publicado em: Bratislava Ikar, a.s. 2006
Tags: Adicionar Tag
Sem tags, seja o primeiro a adicionar uma tag!

MARC

LEADER 00000nam a22000003a 4500
001 0102565
003 SK-STU
005 20230612163953.3
007 ta
008 230612s ----xo-----e------000-0-----d
020 |a 80-551-1238-X 
040 |a STU  |b slo 
041 0 |a slo 
044 |a xo 
100 1 |a LÖHR, Robert  |4 trl 
245 1 0 |a Šachový automat /  |c prekl. Robert LÖHR ; prekl. Dana KURČÁKOVÁ 
260 |a Bratislava  |b Ikar, a.s.  |c 2006 
700 1 |a KURČÁKOVÁ, Dana  |4 trl 
996 |c I* 4SOA13935  |l I  |s A  |a 24  |w 0102565_0001